| 000 | 00632nam a22001817a 4500 | ||
|---|---|---|---|
| 005 | 20251108172905.0 | ||
| 008 | 250721s1999 xx 000 0 ara d | ||
| 082 | 1 | 4 | _a333.913/منظ |
| 245 | 1 | 0 | _aدراسة تعزيز دور تنظيمات مستخدمي المياه في الزراعة العربية / |
| 264 | 1 |
_aالخرطوم : _bالمنظمة العربية للتنمية الزراعية، _c1999. |
|
| 300 | _a148 ص | ||
| 650 | 1 | 7 | _aالمياه |
| 650 | 1 | 7 | _aالزراعة |
| 650 | 1 | 7 | _aالري |
| 710 | 2 | _aالمنظمة العربية للتنمية الزراعية | |
| 942 |
_2ddc _cBK |
||
| 999 |
_c91040 _d91040 |
||